Quizzes
Events
Quiz Creation
Community
Videos
Private Events
Remove Ads
Sign In
Join for FREE
Feedback
Dark Mode
Quiz Categories
Sports
Geography
Music
Movies
Television
Just For Fun
Miscellaneous
History
Literature
Language
Science
Gaming
Entertainment
Religion
Holiday
For Kids
Quiz Lab
Recent
Popular Today
Quiz Kudos Today
Editor Picks
Curator Picks
Quizzes by...
Day
Popularity
Type
Ratings
Length
Year
Community
Subscriptions
Recent Discussions
Orange Saloon
Badges
Playlists
Quests
Create
Leaderboards
Showdown
Live 5
Trivia Bingo
Activity
Puzzle Library
Sporcle Events
Private Events
Virtual Trivia
Globe League
Become a Host
Pub Owners
SporcleCon
Opinionation
Our Games
Videos
Blog
Mobile Apps
Partnerships
Remove Ads and Go Orange
Feedback
Music
Pop Music
The Beatles
Song
Album
Lyrics
Bands
Singers
Artist
Clip
Rock
Rap
Classical
Billboard
Country Music
Kpop
Taylor Swift
Music
Pop Music
The Beatles
Song
Album
Lyrics
Bands
Singers
Artist
Clip
Rock
Rap
Classical
Billboard
Country Music
Kpop
Taylor Swift
Random Quiz
Search Sporcle
×
Quiz Lab
Quiz Lab
Music
Lyrics
Type in answers that appear in a list
Type in answers that appear in a list
Classic
Best Score? Go Orange.
'Dear God' Lyrics Stats
Can you name the lyrics for 'Dear God' by Avenged Sevenfold?
By
MajorDestructi
10m
209 Questions
824 Plays
824 Plays
824 Plays
Comments
Comments
Give Quiz Kudos
Give Quiz Kudos
-
- Ratings
hide this ad
Replay
Link that replays current quiz
Next Quiz
Link to next quiz in quiz playlist
You Got
0%
They Got
Avg Score
81%
Avg Friend Score
Upgrade to see
Score Distribution
Jump to the score distribution portion of the page
Score
0/209
Timer
10:00
0
Plays Today
Answer
% Correct
A
98.9%
a
98.9%
A
98.9%
I
97.4%
I
97.4%
I
97.4%
I
97.4%
I
97.4%
I
97.4%
I
97.4%
I
97.4%
I
97.4%
I
97.4%
I
97.4%
God
96.1%
the
95.9%
you
95.9%
the
95.9%
you
95.9%
you.
95.9%
you
95.9%
the
95.9%
the
95.9%
the
95.9%
you.
95.9%
you,
95.9%
Dear
95.7%
to
95.1%
to
95.1%
to
95.1%
to
95.1%
to
95.1%
to
95.1%
to
95.1%
to
95.1%
to
95.1%
to
95.1%
to
95.1%
on
94.2%
away
93.8%
away.
93.8%
away.
93.8%
away
93.8%
lonely
93.7%
lonely
93.7%
lonely
93.7%
is
93.4%
is
93.4%
is
93.4%
thing
93.2%
only
93.1%
road
92.9%
road.
92.9%
road,
92.9%
ask
92.8%
I'm
92.7%
I'm
92.7%
I'm
92.7%
I'm
92.7%
I'm
92.7%
of
92.2%
of
92.2%
no.
92.1%
no
92.1%
when
92%
when
92%
when
92%
When
92%
her
91.7%
her.
91.7%
Answer
% Correct
hold
91.4%
hold.
91.4%
not
90.9%
around,
90.1%
far
90.1%
And
89.2%
and
89.2%
and
89.2%
and
89.2%
And
89.2%
love,
88.8%
love
88.8%
love.
88.8%
another
88.6%
much
88.6%
another
88.6%
all
88.3%
be,
88.3%
all
88.3%
be
88.3%
all
88.3%
line.
87.6%
from
87.6%
line.
87.6%
from
87.6%
can
86.7%
too
86.6%
Miles
85.5%
me.
85.5%
me
85.5%
me
85.5%
me
85.5%
Miles
85.5%
state
85%
state
85%
those
84.3%
We
84.3%
those
84.3%
need
83.8%
oh
83.7%
oh
83.7%
oh
83.7%
cold
83.3%
person
83.3%
cold
83.3%
again
83.1%
again.
83.1%
crossed
83%
crossed
83%
tired.
82.8%
found
82.5%
found
82.5%
wish
82.1%
wish
82.1%
who
81.4%
missing
81.3%
find.
81.1%
true
81.1%
stay.
81.1%
find.
81.1%
but
81%
But
81%
but
81%
miss
80.4%
Once
79.9%
now
79.8%
left
79.3%
in,
79%
there.
78.7%
hard
78.6%
Answer
% Correct
hard
78.6%
that
77.4%
was
76.5%
help
76.4%
help
76.4%
help
76.4%
stayed.
76.2%
Cause
75.9%
I'd
75.8%
I'd
75.8%
recall
75.1%
yeah.
74.8%
some
74.8%
yeah.
74.8%
Some
74.8%
words
74.7%
spoke
74.5%
purpose
74.3%
Purpose
74.3%
While
73.1%
while
73.1%
Can't
73%
Can't
73%
where
72%
for
70.2%
here
69.5%
here
69.5%
are
68.7%
one
68.4%
way.
67.9%
closed.
66.5%
shops
66.3%
with
66.3%
nothing
65.7%
this
65.7%
city
65.5%
had
65.3%
memories
65.2%
think
64.7%
There's
64.6%
There's
64.6%
sleeps
64.6%
times
64.5%
through
62.7%
hope
62.7%
I've
62.4%
gave
61.4%
selfish
61.4%
told
61.1%
someone
61.1%
something
60.7%
have
60.6%
ways.
60%
they
58.9%
Pictures
58.4%
begins
58.2%
fade.
58%
long,
57.9%
waste
56.8%
how
55.5%
search,
55%
will
54.1%
never
54%
barren
52.6%
Before
52.4%
finding
52.3%
Back
40.4%
(Chorus)
16.7%
(Chorus)
16.7%
Quiz Playlist
Details
Report
Send in Message
Add To Playlist
Classic:
Type in answers that appear in a list
Last Updated: Feb 16, 2017
Quiz Scoreboard
CHALLENGE
Sign Up to Join the Scoreboard
Show All
Scores
Hide
Comments
May contain spoilers
Recently Published
An Introduction to Baseball
by treessimontrees
Sports
5m
Movies - When Are They Set?
by FPL_Elf
Movies
5m
Popular People in 1961
by mucciniale
History
6m
More to Explore
Quiz From the Vault
Featured Blog Post
Where Did the Easter Bunny Come From?
hide this ad
You Might Also Like...
Tags
Lyrics Quiz
A7X
Avenged Sevenfold
Figure Out the Lyrics
Hard Rock
Music Tracks
Rock Songs
Today's Top Quizzes in Music
Browse Music
hide this ad
Today's Top Quizzes in Lyrics
Browse Lyrics
Top Contributed Quizzes in Music
1
Taylor Swift All Songs (2024)
2
2010s Album by Cover III
3
Guess the Artist- 70s Songs
4
One Thing in Common: Music
5
Taylor Swift Logic Puzzle
6
Guess the Taylor Swift song (Mystery Song)
7
2010s Album by Cover IV
8
2010s Album by Cover V
9
KPOP LOGIC QUIZ
10
Kpop Logic Quiz
Explore More
Trending Topics
Disney
Crossword
Harry Potter
NBA
Anime
Marvel
Kpop
NFL
Song
Country
The Office
Puzzle
WWE
Soccer
Pokémon
hide this ad
More By:
MajorDestructi
Quiz
Plays
Rating
Category
Featured
Created
'Dear God' Lyrics
824
3.80
Music
Jan 28, 2015
Rock Albums
268
3.80
Music
Apr 3, 2013
Rock Albums II
51
4.50
Music
Apr 4, 2013
Go to Creator's Profile
Score Distribution
Quiz Creator Spotlight
MajorDestructi
Follow
Send a Message
Quizzes Created
-
Created Quiz Play Count
-
More By This Creator
Popular Quizzes Today
1
Find the Countries of Europe - No Outlines Minefield
2
Find the US States - No Outlines Minefield
3
The Countries of the World
4
Popular People in 1961
5
US States
6
1-10 Letter E Words III
7
Find the US States
8
One Thing in Common: World Cities II
More Music Quizzes
'M' Bands Album Match
Quiz Lab
Trending Quizzes
Risky Map Clicking: Least Populous States A-Z
1-10 Letter F Words
1-10 Letter G Words
One Thing in Common: United Kingdom
Risky Map Clicking: Next State Alphabetically
Recently Updated
Leaping Animals
pecheneg
Reality TV Shows (A-Z)
bhenderson79
Rickey Henderson's Hall of Fame Teammates
pecheneg
Champions League XIs: Arsenal
pecheneg
Quick Pick: Celebrities in WWE's Hall of Fame
aduchscher
A-Z Keypad Blitz II
pecheneg
Multiple Oscar Actors
pecheneg
Mystery Phrase Blitz: Oscar 'Best Actors'
pecheneg
F. Scott Fitzgerald Novels
LTH
Pick 3 Villains
ddd62291
Trending Topics
Harry Potter
NBA
Kpop
Anime
Marvel
Crossword
Disney
Country
NFL
Song
The Office
Pokémon
WWE
Soccer
Puzzle
Your Account Isn't Verified!
In order to create a playlist on Sporcle, you need to verify the email address you used during registration. Go to your
Sporcle Settings
to finish the process.
Report this User
Report this user for behavior that violates our
Community Guidelines
.
Details:
Send Report
Go to the Sporcle.com Mobile Site →
Comments